000 00970nas a2200337 4500
001 BR0402269
003 BR-BrBNA
005 20231205104523.0
007 ta
008 230509b bl.|||p| |||| 00| 00por d
040 _aBR-BrBNA
_bpor
_cBiblioteca Nacional de Agricultura
041 _a(Pt)
072 _aE73
100 1 _aBarni, E.J.
100 1 _aSilva, M.C. da
100 1 _aRosa, R. de C.C.
100 1 _aOgliari, R.A.
245 1 _aPerfil, hábitos de consumo e preferências dos consumidores finais de mexilhões
650 _aMEXILHÃO
650 _aCONSUMO
650 _aDEMANDA
650 _aCONSUMIDOR
650 _aPESQUISA DE MERCADO
650 _aANÁLISE ESTATÍSTICA
650 _aCOMÉRCIO
650 _aMARISCO
650 _aPREFERÊNCIA ALIMENTAR
773 0 _tAgropecuária Catarinense (Brazil)
_xISSN 0103-0779
_g(Nov 2003), v. 16(3) p. 39-43
_wBR0402269
909 _a202311
_bLúcia
_c55
_dLúcia Elande
942 _2AGRIS
_n0
_cANA
999 _c178515
_d178515